[Event "Gausdal Int"]
[Site "Gausdal"]
[Date "1991.??.??"]
[Round "8"]
[White "Arkhipov, Sergey"]
[Black "Ernst, Thomas"]
[Result "0-1"]
[WhiteElo "2510"]
[BlackElo "2525"]
[Annotator "Ribli,Z"]
[PlyCount "124"]
[EventDate "1991.08.??"]
[EventType "swiss"]
[EventRounds "9"]
[EventCountry "NOR"]
[SourceTitle "CBM 025"]
[Source "ChessBase"]
[SourceDate "1991.12.01"]
[SourceVersion "1"]
[SourceVersionDate "1991.12.01"]
[SourceQuality "1"]

1. c4 c5 2. Nf3 Nc6 3. e3 e5 4. Nc3 Nf6 5. d4 (5. Be2 d5 6. cxd5 Nxd5 7. O-O
Nc7 8. b3 Be7 9. Bb2 O-O 10. Rc1 b6 $13 {Wirthenson,H-Hansen,Cu Hamburg SKA
1991 CBM/24}) 5... cxd4 6. exd4 e4 7. Ng5 (7. Ne5 Bb4 8. Be2 Qa5 9. Nxc6 dxc6
10. O-O O-O 11. Bd2 Re8 {Hansen,Cu-Cramling,P Hamburg SKA 1991 CBM/24}) 7...
Bb4 8. d5 Ne5 9. Be2 (9. Bd2 O-O 10. Qb3 Bxc3 11. Bxc3 Re8 12. h4 d6 $13 {
Ostenstad,B-Schussler,H Gausdal Troll Masters 1990 EXP/16}) 9... O-O 10. O-O
Bxc3 11. bxc3 d6 12. Qd4 Bf5 13. f3 exf3 14. Nxf3 Nxf3+ 15. Bxf3 Qb6 16. Ba3
Bd3 17. Bxd6 Qxd6 18. Qxd3 Nd7 $44 19. Be4 g6 20. Qd4 b6 21. Bc2 Ne5 22. Rae1
f6 23. Bb3 Rac8 24. Kh1 Rc7 25. Re4 Re7 26. h3 Kg7 27. Ref4 Rc7 28. Qd2 Re7 29.
Ba4 Rc7 30. Bb5 Rff7 31. Re4 Rf8 32. Rfe1 Re7 33. R1e3 Rff7 34. Qe1 Rf8 35. Re2
Rff7 36. Qd1 Kg8 37. R4e3 Rc7 38. Qa4 Rfe7 39. Qb4 Rc5 40. Qb1 Kg7 41. Re4 Rc8
42. Rf4 Rf7 43. Ref2 Rc5 44. Rd4 Re7 45. Kg1 Nf7 46. Qd1 Rcc7 47. Rdf4 f5 48.
Qd4+ Kg8 49. Rd2 Re1+ 50. Rf1 Rce7 51. Qf2 R1e3 52. Rfd1 f4 53. h4 Nh6 54. Rd4
Ng4 55. Qf1 Rf7 56. R1d3 h5 57. c5 bxc5 58. Ra4 f3 $1 59. Rxg4 Rxd3 60. Rxg6+
Qxg6 61. Bxd3 f2+ 62. Kh2 Qg4 0-1

[Event "EU-Cup 02nd round of 16"]
[Site "Budapest"]
[Date "1978.??.??"]
[Round "2.2"]
[White "Kochyev, Alexander"]
[Black "Forintos, Gyozo Victor"]
[Result "1-0"]
[WhiteElo "2555"]
[BlackElo "2435"]
[Annotator "Ribli,Z"]
[PlyCount "103"]
[EventDate "1978.10.??"]
[EventType "team-match"]
[EventRounds "2"]
[EventCountry "HUN"]
[SourceTitle "EXT 2020"]
[Source "ChessBase"]
[SourceDate "2019.10.17"]
[SourceVersion "1"]
[SourceVersionDate "2019.10.17"]
[SourceQuality "1"]
[WhiteTeam "Burevestnik"]
[BlackTeam "Budapest Voros Meteor MTK"]
[WhiteTeamCountry "URS"]
[BlackTeamCountry "HUN"]

{[%evp 0,51,41,8,15,-3,21,31,71,69,80,15,25,18,38,38,38,59,32,45,56,52,48,41,
41,57,74,74,124,110,104,71,87,94,90,89,101,41,84,84,114,120,120,135,135,83,87,
78,109,110,102,102,95,67]} 1. Nf3 Nf6 2. c4 c5 3. Nc3 d5 4. cxd5 Nxd5 5. g3 Nc6
6. Bg2 Nc7 7. O-O e5 8. d3 Be7 9. Nd2 Bd7 10. Nc4 f6 11. f4 b5 12. Ne3 Rc8 13.
a4 a6 $2 (13... b4) 14. axb5 axb5 15. Ned5 $16 Nxd5 16. Nxd5 O-O 17. Ra6 Kh8
18. Nb6 Nb8 19. Nxd7 Nxa6 20. Nxf8 Bxf8 21. fxe5 fxe5 22. Bb7 Rb8 23. Bxa6 Qd6
24. Bxb5 Rxb5 25. Qa4 Rb8 26. Qe4 Be7 27. Bd2 Qd4+ 28. Qxd4 exd4 29. Rf7 Re8
30. Rf5 Kg8 31. Bf4 Ra8 32. Bg5 Bf8 33. Rd5 h6 34. Bf4 g5 35. Bc7 Ra7 36. Bb6
Rb7 37. Bxc5 Bxc5 38. Rxc5 Rxb2 39. Kf2 Rb6 40. Rd5 Rb4 41. Rd7 Kf8 42. Kf3 Ra4
43. h3 Rb4 44. Rd6 Kg7 45. Kg4 Rb2 46. Re6 Rb5 47. Kh5 Rd5 48. Rg6+ Kf7 49.
Rxh6 Re5 50. Rd6 Rxe2 51. Rxd4 Re3 52. Rg4 1-0

[Event "Rubinstein Memorial"]
[Site "Polanica Zdroj"]
[Date "1991.??.??"]
[Round "6"]
[White "Wojtkiewicz, Aleksander"]
[Black "Smejkal, Jan"]
[Result "1/2-1/2"]
[WhiteElo "2510"]
[BlackElo "2555"]
[Annotator "Ribli,Z"]
[PlyCount "49"]
[EventDate "1991.09.??"]
[EventType "tourn"]
[EventRounds "11"]
[EventCountry "POL"]
[EventCategory "11"]
[SourceTitle "CBM 026"]
[Source "ChessBase"]
[SourceDate "1992.02.01"]
[SourceVersion "1"]
[SourceVersionDate "1992.02.01"]
[SourceQuality "1"]

1. Nf3 Nf6 2. c4 c5 3. g3 d5 4. cxd5 Nxd5 5. Bg2 Nc6 6. Nc3 Nc7 7. Qa4 Bd7 8.
Qe4 g6 9. Ne5 Bg7 10. Nxd7 Qxd7 11. a3 O-O 12. Rb1 Rac8 $1 (12... Rad8 13. O-O
e6 14. Qc4 b6 15. b4 Ne5 16. Qa2 Qe7 17. bxc5 Qxc5 18. a4 $14 {Wojtkiewicz,
A-Horvath,Jo Debrecen 1990 CBM/20}) 13. O-O Ne6 14. b4 b6 15. Qd5 (15. Nd5 Ned4
16. bxc5 bxc5 17. e3 Ne2+ 18. Kh1 e6 19. Qd3 exd5 20. Qxe2 Rb8 $1 $15 {Smajkal,
J-Sokolov,A Novi Sad 1984 38/62}) 15... Rfd8 16. Qa2 cxb4 17. axb4 Ned4 18. e3
Nf5 19. Ne4 Ne5 20. d4 Nc4 21. b5 Rc7 22. Nd2 Nxd2 23. Bxd2 e6 24. Rfc1 Rdc8
25. Rxc7 1/2-1/2

[Event "EU-Cup 18th"]
[Site "Kallithea"]
[Date "2002.09.25"]
[Round "4.3"]
[White "Zvjaginsev, Vadim"]
[Black "Lerner, Konstantin Z"]
[Result "1-0"]
[WhiteElo "2673"]
[BlackElo "2536"]
[Annotator "Ribli,Z"]
[PlyCount "120"]
[EventDate "2002.09.22"]
[EventType "team-swiss"]
[EventRounds "7"]
[EventCountry "GRE"]
[SourceTitle "CBM 092"]
[Source "ChessBase"]
[SourceDate "2003.02.06"]
[SourceVersion "1"]
[SourceVersionDate "2003.02.06"]
[SourceQuality "1"]
[WhiteTeam "Norilsk Nikel"]
[BlackTeam "Saba Hapoel"]
[WhiteTeamCountry "RUS"]
[BlackTeamCountry "ISR"]

1. c4 Nf6 2. Nc3 e6 3. e4 c5 4. Nf3 Nc6 5. Be2 {Grossmeister Zvjaginsev spielt
seine beliebte Variante.} d5 6. exd5 exd5 7. d4 {Das ist die kleine Pointe der
Variante 5.Be2 - Weiss hat ein Tempo mehr in einer völlig symmetrischen
Stellung.} Be6 (7... Be7) 8. Be3 cxd4 (8... dxc4 9. O-O a6 10. Re1 (10. dxc5 $5
) 10... Be7 11. dxc5 Ng4 $13 12. Bg5 $5 (12. Qc1 $5) 12... Qxd1 13. Rexd1 Bxc5
14. Ne4 Be7 15. Rac1 b5 16. b3 $44 {1/2-1/2 Rublevsky,S-Bologan,V/Poikovsky
2002/CBM 89/[Ribli] (48)}) 9. Nxd4 Nxd4 10. Bxd4 dxc4 11. O-O {Weiss spielt
auf eine schnelle Entwicklung, den c4-Bauern kann er später immernoch
zurueckgewinnen.} Be7 (11... Qa5 12. Bxf6 gxf6 13. Bf3 (13. Re1) 13... Rd8 14.
Qc2 Bg7 15. Bxb7 O-O 16. Rad1 f5 17. Bf3 h6 18. Rxd8 Rxd8 19. Rd1 Rxd1+ 20.
Bxd1 Bd4 21. Qd2 Qe5 22. Bf3 Kg7 23. g3 Bb6 24. Ne2 Qa5 25. Qc3+ Qxc3 26. bxc3
{1-0 Malakhov,V-Bigaliev,R/Kolontaevo 1997/EXT 99 (59) '+/=' Ribli.}) 12. Qa4+
{Nach diesem Zug Weiss gewinnt den Bauern zurueck, mit kleiner, aber
dauerhafter Initiative.} (12. Bf3 O-O 13. Bxb7 Bg4 14. f3 Rb8 15. fxg4 Rxb7 16.
g5 Ne8 17. Qg4 Nc7 18. Bf6 Ne6 19. Rad1 Qb6+ 20. Kh1 Bxf6 21. gxf6 Qxb2 22.
fxg7 Nxg7 23. Rb1 {1-0 Strikovic,A-Dias,P/Odivelas 2001/EXT 2002 (27)}) 12...
Qd7 (12... Bd7 13. Qxc4 O-O 14. Rad1 Qa5 15. Bxf6 Be6 16. Nd5 Bxf6 17. Nxf6+
gxf6 18. Qh4 {1-0 Baron Rodriguez,J-Perez Candelario,M/Linares 2000/CBM 75 (31)
}) (12... Kf8 13. Bxf6 gxf6 14. Bxc4 $2 (14. Rac1 $1 Qe8 15. Qa5 {/\ Qh5+/-})
14... Qd4 $1 15. Bxe6 Qxa4 16. Nxa4 fxe6 17. Rac1 b5 18. Nc5 Kf7 {Adorjan,
A-Horvath,J/Magyarorszag 1995/Inf 65/[Ribli] (32)}) 13. Qxd7+ (13. Nb5 O-O 14.
Bxc4 Nd5 15. Qb3 Rfc8 16. Rfd1 Rxc4 17. Qxc4 Ne3 18. Qe2 Nxd1 19. Rxd1 Rd8 20.
Nc3 Qc7 21. h3 a6 {1/2-1/2 Baron Rodriguez,J-Strikovic,A/Mondariz 1997/EXT 99 
(82)}) 13... Bxd7 (13... Nxd7 14. Bxg7 (14. Nb5 O-O-O 15. Nxa7+ Kb8 16. Rac1
Bf6 17. Nb5 Ne5 18. Rfd1 Nd3 19. Bxf6 gxf6 20. Bxd3 cxd3 21. b3 Rhg8 22. f3 Rg5
23. Nc3 d2 {1/2-1/2 Drabke,L-Del Rio Angelis,S/Saint Vincent 2001/CBM 80 ext 
(27)}) 14... Rg8 15. Bh6 (15. Bd4 $5) 15... Bg5 16. Bxg5 Rxg5 17. f4 Ra5 18. f5
(18. Rfe1 $5) (18. Rad1 $5) 18... Rxf5 19. Rxf5 Bxf5 20. Bxc4 Kf8 $11 {1/2-1/2
Zvjaginsev,V-Luther,T/Ohrid 2001/CBM 84/[Ribli] (43)}) 14. Bxc4 O-O 15. Nd5 {
In einer symmetrischen Stellung hat Weiss einfach ein Tempo mehr: Dadurch
steht er etwas besser, vor allem wegen seiner aktiveren Figurenstellung.} Nxd5
(15... Bd8 16. Nxf6+ (16. Rac1 Rc8 17. Bb3 $14) 16... Bxf6 17. Bxf6 gxf6 18.
Rfe1 Rfe8 19. Rad1 Rxe1+ 20. Rxe1 Rc8 21. Bd3 Be6 22. a3 Rd8 23. Rd1 Bf5 {
1/2-1/2 Bologan,V-Brenninkmeijer,J/New York 1993/TD (42)}) 16. Bxd5 $14 {
[%csl Gd4,Gd5][%mdl 32] Das weisse Läuferpaar ist aktiver als das schwarze -
seine Läufer dominieren das Brett.} Bc6 17. Bxc6 bxc6 {Weiss hat einen
mikroscopischen Vorteil - der c6P in der schwarze Stellung ist schwach.} 18.
Rac1 {[%csl Rc6]} Rfc8 (18... Rac8 19. Rfe1 $14 (19. Bxa7 Ra8 20. Bd4 Rfd8 $1
$11 (20... Rxa2 21. Rxc6 $16))) 19. Rc4 a5 20. Re1 Bb4 21. Rec1 Ra6 22. g3 (22.
Kf1 $14) 22... f6 23. a3 Be7 24. Ra4 {[%csl Ga4] Die weissen Figuren sind
aktiver, aber es gibt noch nichts Konkretes, Schwarz kann seine Stellung
verteidigen.} Kf7 25. Bc3 Rca8 (25... Bd8 $6 26. Rd1 $14) 26. Kf1 f5 (26... h5
$14) 27. Rf4 g6 28. Rd1 Rd8 (28... Ke6 $14) 29. Rxd8 Bxd8 30. g4 $1 {[%mdl
4096] Mit diesem starken Zug moechte Weiss weitere Schwächen in der
gegnerischen Stellung ins Leben rufen.} Ke6 (30... Bg5 $5 31. Rf3 Ke6 (31... f4
32. h4 Bxh4 33. Rxf4+ $14) 32. gxf5+ gxf5 $14) 31. gxf5+ gxf5 {Jetzt hat
Schwarz vier isolierte Bauern! Aber die Verwertung des Vorteils ist nicht
einfach.} 32. Ra4 {Nach diesem Zug Schwarz muss immer mit b2-b4 rechnen.} c5
33. Ke2 (33. b4 $6 cxb4 34. axb4 Rc6 $11) 33... Kd5 (33... Bf6 34. Bxf6 Kxf6
35. Kd3 $16 {[%cal Gd3c4,Gc4b5]}) 34. Rf4 (34. Kd3 $2 Rh6 $15) 34... Ke6 35.
Kd3 {[%cal Gd3c4]} Bg5 36. Rf3 (36. Ra4 Kd5 37. Rxa5 Rh6 38. b4 Rh3+ 39. Kc2
Rxh2 40. Rxc5+ Ke4 $132) 36... f4 37. Ke4 {[%csl Gc3,Ge4]} (37. Kc4 $5) 37...
c4 (37... a4 38. h4 $1 Bh6 (38... Bxh4 39. Rh3 Bg5 40. Rxh7 $16) 39. Rd3 $16)
38. Bd4 {Weiss verbessert seine Läuferstellung und droht 39.Rc3 Rc6 40.b3 mit
Bauerngewinn.} a4 (38... h5 $2 39. Rc3 Rc6 40. b3 $16) 39. h4 $1 Bh6 (39...
Bxh4 40. Rh3 Bg5 41. Rxh7 $16) 40. Rc3 Rc6 41. Rc2 Rc8 42. Rc1 Rc6 43. Rc3 {
Weiss moechte Bedenkzeit gewinnen, deshalb macht er die Zugwiederholung.} Rc8
44. Rc2 Rc6 (44... Rc7 45. Be5 $16) 45. Bc3 $1 {Auf diese Weise bereitet Weiss
46.Rd2 vor und droht nach 45...Rd6 46.Be5 mit Bauerngewinn.} Rc5 (45... Rd6 46.
Be5 Rd1 47. Bxf4 Bxf4 48. Kxf4 Rd4+ 49. Kg5 $16) 46. Rd2 $16 {[%csl Gc3,Gd2]
[%cal Gd2d8] Droht 47.Rd8 und Schwarz kann nichts machen. Die weissen Figuren
stehen alle viel aktiver.} f3 (46... Rc8 47. Rd5 $16) 47. Rd8 Rh5 48. Ra8 Rxh4+
49. Kxf3 {Jetzt ist die Stellung materiell gleich, aber Schwarz verliert
seinen a5-Bauern.} Bc1 50. Rxa4 h5 51. Ra6+ Kd5 (51... Kf7 52. a4 $16 (52. Rf6+
Ke7 53. Rf5 $16)) 52. Ra5+ Kc6 53. Rf5 Rh3+ 54. Kg2 Rh4 55. a4 $18 {Der
a-Bauer entscheidet die Partie.} Rg4+ 56. Kh3 Re4 57. a5 h4 58. Rf6+ Kc5 (58...
Kb7 59. f3 Rf4 60. Rxf4 Bxf4 61. Kxh4 $18) 59. a6 Re8 60. a7 Ra8 {Eine
wirklich sehr gute Endspielleistung von Zvjaginsev.} (60... Ra8 61. Rf5+ Kd6
62. Bd4 $18) 1-0

[Event "RUS-ch U20"]
[Site "Cheboksary"]
[Date "2006.03.04"]
[Round "3"]
[White "Grachev, Boris V"]
[Black "Nepomniachtchi, Ian"]
[Result "1-0"]
[WhiteElo "2510"]
[BlackElo "2506"]
[Annotator "Ribli,Z"]
[PlyCount "109"]
[EventDate "2006.03.02"]
[EventType "tourn"]
[EventRounds "11"]
[EventCountry "RUS"]
[EventCategory "11"]
[SourceTitle "CBM 112"]
[Source "ChessBase"]
[SourceDate "2006.06.07"]
[SourceVersion "1"]
[SourceVersionDate "2006.06.07"]
[SourceQuality "1"]

1. Nf3 Nf6 2. c4 c5 3. Nc3 d5 4. cxd5 Nxd5 5. e4 {Neben dieser üblichen
Fortsetzung sind andere Züge ebenfalls möglich: 5.g3, 5.e3, 5.d4.} Nb4 6. Bb5+
Bd7 (6... N8c6 $5 7. d4 cxd4 8. a3 dxc3 (8... Bd7 $5) 9. Qxd8+ Kxd8 10. axb4)
7. Bc4 Be6 {Mit Zugumstellung haben wir die Variante 6.Bc4 Be6 erreicht, aber
nach 6.Bc4 kann Schwarz 6...Nd3+ ziehen; hier nach 6.Bb5+ Bd7 7.Bc4 - nicht.}
8. Bxe6 Nd3+ 9. Kf1 (9. Ke2 Nf4+ 10. Kf1 Nxe6 11. b4 g6 12. bxc5 Bg7 13. Ba3
Nc6 14. Rc1 Qd3+ 15. Qe2 O-O-O 16. g3 g5 17. Qxd3 Rxd3 18. Ke2 Rhd8 19. Rhd1 {
1-0 Agdestein,S-Suetin,A/Hastings 1991/CBM 27/[Ribli] (55)}) 9... fxe6 10. Qb3
{Statt der Fortsetzung 10.Ng5 Qd7 11.Qf3 ist der Partiezug chancenreicher für
Weiß.} (10. Ng5 Qd7 (10... Qb6 11. Qf3 c4 12. b3 $1 h6 13. bxc4 Nxc1 14. Qh5+ (
14. Nf7 Rg8 15. Ne5 $1 Qb2 16. Qf7+ {1-0 Tukmakov,V-Peshina,G/USSR 30/83 1980/
[Tukmakov,V] (26)}) 14... Kd7 15. Nf7 Nd3 16. Qf3 $16 {Loginov-Malanjuk URS
1984 37/56}) 11. Qf3 Ne5 12. Qh3 Qd3+ 13. Qxd3 Nxd3 14. g3 $1 Nc6 $6 (14... e5
$14) 15. Nxe6 Kd7 16. Nf4 Nxf4 17. gxf4 $16 {1/2-1/2 Suba,M-Farago,I/Romania -
Magyarorszag 26/80 1978/[Suba,M] (59)}) (10. g3 Nc6 11. Kg2 g6 12. Ne1 Bg7 13.
Qb3 O-O 14. Nxd3 Qxd3 15. Qxe6+ Kh8 16. Qg4 Bxc3 17. dxc3 Ne5 18. Qd1 Qxe4+ 19.
Kg1 Rad8 {0-1 Baumgartner,H-Fahnenschmidt,G/13th WSen, Bad Zwischenahn GER
2003 (18)}) 10... Qd7 11. Ng5 Nc6 12. Qxe6 (12. Nxe6 Nd4 $44) 12... Qxe6 13.
Nxe6 Kd7 14. Ng5 (14. Nxf8+ $2 Rhxf8 15. f3 Nd4 16. Ne2 Nxf3 $17) 14... Nd4 $44
{[%csl Gd3,Gd4] Schwarz hat einen Bauern weniger, aber er hat ausreichende
Kompensation, seine Springer dominieren auf dem Brett.} (14... h6 15. Nh3 (15.
Nf3 g5) 15... g5 $44) 15. f3 {[%cal Gg5h3,Gh3f2,Gf2d3]} g6 {[%cal Gf8g7,Gg7h6]}
16. Nh3 {[%mdl 256] Dieser Springerzug ist der Schlüssel der weißen
Verteidigung; Weiß plant die stärkste Figur, den Springer auf d3, zu tauschen.}
Bh6 17. Nf2 c4 (17... Nxc1 18. Rxc1 Bxd2 19. Rd1 Bh6 20. b4 b6 21. bxc5 bxc5
22. Nd3 $14) 18. Nxd3 cxd3 {[%csl Ra1,Rc1,Gd3,Gd4,Rf1,Rh1,Gh6] Schwarz verfügt
über eine ausgezeichnete Figurenstellung, während Weiß erhebliche
Entwicklungsprobleme hat. Aufgrund des Mehrbauern kann er jedoch
kontinuierlich seine Stellung verbessern.} 19. b3 Rac8 20. Kf2 Rhf8 (20... b5
$1 21. Rd1 Nc2 22. Rb1 b4 23. Nd5 Rhf8 $44) 21. Rd1 {[%cal Gd1d2] Weiß
verteidigt mittelsTurm den d2-Bauern, um seinen schwarzfeldrigen Läufer
entwickeln zu können.} e6 {Schwarz hat eine sehr aktive Stellung, aber keine
konkrete Drohungen und es ist nicht leicht, die Stellung zu verbessern.} 22.
Bb2 Nc2 23. Rac1 Bf4 24. g3 Bb8 25. Kg2 $14 {Stufenweise verbessert Weiß seine
Stellung.} g5 {Schwarz muss so spielen, sonst spielt Weiß 26.f4.} 26. Rf1 Rc6
27. Nd1 $1 {[%csl Rd3][%cal Gd1f2,Gf2d3]} Rfc8 28. Nf2 Ra6 29. a3 Nxa3 (29...
Bd6 30. b4 Nxa3 31. Rxc8 Kxc8 32. Rc1+ Kd7 33. Nxd3 $16) 30. Rxc8 Kxc8 31. Ra1
(31. Rc1+) (31. Nxd3) 31... Bd6 32. Nxd3 $16 {[%csl Ra3][%cal Ga1a6]} Kd7 33.
Kf2 Ke8 34. Ke2 Nb5 35. Rxa6 bxa6 36. Ne1 {[%cal Gd2d4][%mdl 4096]} Kf7 37. Nc2
h5 38. d4 Kg6 39. Kd3 a5 (39... h4 40. gxh4 gxh4 (40... Bxh2 41. hxg5 $16) 41.
h3 $16) 40. Ne3 {[%csl Ra5][%cal Ge3c4,Gc4a5,Gb2c1,Gc1d2,Gd2a5] Jetzt ist der
Bauer auf a5 das Ziel des weißen Spiels.} a6 41. Nc4 Bc7 42. Bc1 Na7 43. Bd2
Nc6 44. d5 $18 exd5 45. exd5 Ne5+ 46. Nxe5+ Bxe5 47. Ke4 Bc7 48. f4 g4 49. f5+
Kf7 50. Bf4 Bb6 51. Be3 Bc7 52. Bc5 h4 53. d6 hxg3 54. hxg3 Bd8 55. Bd4 1-0

[Event "FRA-ch sf"]
[Site "Besancon"]
[Date "1999.08.24"]
[Round "1.2"]
[White "Marciano, David"]
[Black "Bauer, Christian"]
[Result "1-0"]
[WhiteElo "2529"]
[BlackElo "2480"]
[Annotator "Ribli,Z"]
[PlyCount "109"]
[EventDate "1999.08.23"]
[EventType "match"]
[EventRounds "2"]
[EventCountry "FRA"]
[SourceTitle "CBM 073"]
[Source "ChessBase"]
[SourceDate "1999.12.01"]
[SourceVersion "1"]
[SourceVersionDate "1999.12.01"]
[SourceQuality "1"]

{[%mdl 36]} 1. e4 c5 2. Nf3 e6 3. c4 {Dieser Zug ist seit einigen Jahren
beliebt, aber ich glaube, die gewöhnliche Fortsetzung 3.d4 ist chancenreicher.
Ribli.} Nc6 4. Nc3 Nf6 5. Be2 b6 {Nach 5...d5 kann Weiss entweder 6.cxd5 exd5
7.e5 oder 6.exd5 exd5 7.d4 ziehen. In beiden Fällen hat er aktives Spiel und
die etwas besseren Chancen.} 6. O-O (6. d4 cxd4 7. Nxd4 Bb7 8. Bf4 Bb4 9. Ndb5
Nxe4 10. Qd3 Nc5 11. Nd6+ Kf8 12. Qd2 Qf6 13. Rd1 Na5 14. O-O Bxc3 15. bxc3 Ne4
16. Nxe4 Bxe4 17. Qd6+ Kg8 18. Rd4 {1/2-1/2 Pavasovic,D-Zvjaginsev,V/Portoroz
1999/CBM 72_02 (79)}) 6... Bb7 7. d4 (7. Re1 Qb8 8. h3 (8. d3 Bd6 9. h3 Ne5 10.
Nxe5 Bxe5 11. Be3 O-O 12. Qd2 d5 13. exd5 exd5 14. d4 cxd4 15. Bxd4 dxc4 16.
Bxc4 Bxd4 17. Qxd4 Qc7 18. Bf1 Rad8 {1/2-1/2 Mohr,G-Ribli,Z/IV Finale Kupa BiH
1998 (18)}) 8... Bd6 9. d4 cxd4 10. Nxd4 Bh2+ 11. Kh1 Nxd4 12. Qxd4 Be5 13. Qd3
O-O 14. Bf3 Rc8 {1/2-1/2 Ruck,R-Ribli,Z/tt_HUN 1996 (41)}) 7... cxd4 8. Nxd4 {
Wir haben eine typische Igelstellung. Weiss hat ein starkes Bauernzentrum,
aber die schwarze Stellung ist elastisch.} Qb8 {Dieser Zug ist nicht schlecht,
denn Schwarz verteidigt sich gegen 9.e5, aber der sofortige Springertausch
scheint mir einfacher. Die Dame steht etwas unnatürlich auf b8, aber 8...Qc7
wäre schlecht wegen 9.Ndb5 mit grossem weissen Druck.} (8... Nxd4 9. Qxd4 Bc5
10. Qd3 Qc7 11. Be3 O-O 12. Rfd1 Rfd8 13. Rac1 Rac8 14. a3 Qe5 15. Bxc5 bxc5
16. Bf3 Ba6 17. b3 {1/2-1/2 Cifuentes Parada,R-Piket,J/NLD-ch 1992/CBM 30 (17)}
) 9. Be3 Nxd4 (9... Bd6 $5 10. f4 Nxd4 11. Qxd4 e5 12. Qd2 O-O 13. Rad1 Bb4 14.
Qc2 Bxc3 15. Qxc3 d6 16. Qd3 {1/2-1/2 Huzman,A-Liss,E/Tel Aviv 1999/CBM 71_07 
(16)}) 10. Qxd4 Bc5 11. Qd3 O-O 12. Rad1 {[%csl Gc4,Ge4] Weiss hat
positionelle Druck in der d-Linie und Raumvorteil. Er tauscht nicht selbst den
c5-Läufer, denn in diesem Fall würde die schwarze Zentrumsstellung gestärkt.} (
12. Bxc5 bxc5 13. f4 d6 14. Rad1 Rd8 15. Bf3 Rd7 16. Qe3 a6 17. e5 Ne8 18. b3
Bxf3 19. Qxf3 Raa7 20. Qe3 $14 {1/2-1/2 Smirin,I-Hansen,C/Cap d`Agde 1996/CBM
55 ext (49)}) 12... Bc6 13. Bd4 e5 $6 {[%csl Yd5] Dieser Zug gefällt mir nicht,
denn er schwächt freiwillig das Feld d5. Der Zug 14.Bxf6 ist nicht so
gefährlich für Schwarz, denn die Schwächung seines Königsflügels wäre durch
das Läuferpaar kompensiert.} (13... Qf4 14. g3 Qc7 15. f4 (15. e5 $5) 15...
Rfd8 16. Bf3 Bxd4+ 17. Qxd4 d6 18. Rf2 a6 19. a4 Rac8 20. Rfd2 h6 21. Bg2 Bb7 {
1/2-1/2 Popov,R-Poluljahov,A/Krasnodar 1997/EXT 99 (35)}) (13... d6 $5 14. Bxf6
gxf6) (13... Qc7 14. e5 Ne8 15. Bxc5 bxc5 16. f4 $14) 14. Be3 Qb7 15. f3 $14 {
[%csl Yd5]} Nh5 $6 {[%cal Gh5f4] Die schwarze Drohung ...Nf4 ist in
Wirklichkeit nur Zeitverlust.} (15... Ne8 $5 {[%cal Ge8c7,Gc7e6,Ge6d4]}) 16. g3
{[%cal Gf3f4,Ge2h5]} Nf6 (16... g6 $5 {[%cal Gh5g7,Gg7e6,Ge6d4,Gf7f5]}) 17. Kg2
{Weiss vermeidet die Fesselung in der a7-g1-Diagonalen.} h6 {Ein Wartezug, der
vielleicht auch gegen eventuelles Bg5 gerichtet ist.} 18. b3 d6 (18... Bxe3 19.
Qxe3 $14) 19. h4 {Weiss gewinnt Raum am Königsflügel. Obwohl Weiss noch keine
konkreten Drohungen schafft, ist die Lage für Schwarz unangenehm, denn er kann
nur abwarten.} Rfe8 20. Bc1 a6 {[%cal Gb6b5]} 21. a3 {[%cal Gb3b4]} Bd4 (21...
b5 $2 22. cxb5 axb5 23. b4 Bd4 (23... Bb6 24. Nxb5 Nxe4 25. Qb3 $18) 24. Nxb5
Nxe4 {[%cal Gb7g2]} 25. Nxd4 (25. fxe4 Bxe4+ {[%cal Re4d3,Re4g2]} 26. Bf3 Bxd3
27. Bxb7 Bxb5 $15) 25... exd4 26. fxe4 Bxe4+ {[%cal Re4d3,Re4g2]} 27. Bf3 Bxd3
28. Bxb7 Bxf1+ 29. Kxf1 $18) 22. Be3 Bxe3 (22... Bc5 23. b4 Bxe3 24. Qxe3 $14)
23. Qxe3 {Weiss hat Druck gegen das Feld d5 und den Bauern d6.} Qc7 24. Rd2 {
[%csl Rd6][%cal Gf1d1,Gd1d6]} (24. Rc1 $14 {[%cal Gc1c7]}) 24... Nd7 {[%cal
Gd7f8,Gf8e6,Ge6d4]} 25. Rfd1 {[%csl Rd6][%cal Rd1d6]} Re6 26. b4 Rg6 27. Rd3 {
[%cal Ge3d2,Gd1d6] Alle Schwerfiguren werden gegen die schwarze Schwäche
ausgerichtet.} Re8 (27... Rd8 28. Qd2 Nf8 29. c5 bxc5 30. bxc5 {[%csl Rd6]})
28. Qd2 Ree6 {Die schwarzen Türme stehen auf der 6. Reihe passiv.} 29. h5 Rgf6
(29... Rg5 30. Rxd6 $16) 30. Nd5 {[%cal Rd5c7,Rd5f6]} Bxd5 31. cxd5 Re8 32. Rc3
$16 {[%cal Gc3c7] Weiss hat bereits neue Angriffsziele. Er besetzt die offene
c-Linie, in der Schwarz das Eindringen der weissen Schwerfiguren nicht mehr
verhindern kann.} Qa7 33. Rdc1 {[%cal Rc3c7,Rc7a7,Rc7d7]} Nf8 34. Rc7 Qa8 35.
Qc3 {[%cal Gc1c7]} (35. Qe3 $16) 35... g6 36. Rc8 {Mit einfachen Zügen
verwertet Weiss seinen positionellen Vorteil.} (36. Qe3 $16 {[%cal Re3b6,Re3h6]
}) 36... Rxc8 37. Qxc8 Qxc8 38. Rxc8 {[%csl Ra6,Rb6]} gxh5 {Die schwarzen
Bauern am Damenflügel sind nicht zu halten.} (38... a5 39. Rb8 axb4 40. axb4 {
[%csl Gb4,Rb6]}) 39. Bxa6 h4 40. gxh4 Kg7 {[%cal Gf8g6,Gg6h4,Gg6f4]} (40...
Rg6+ 41. Kf2 Kg7 $16) 41. h5 {Weiss nimmt dem schwarzen Springer das Feld g6.}
Rf4 42. a4 {[%csl Ga4,Gb4]} Nh7 (42... Nd7 43. Bb5 Nf6 44. a5 bxa5 45. bxa5 $18
{[%csl Ga5]}) 43. a5 bxa5 44. b5 (44. bxa5 $18) 44... Ng5 45. b6 $18 {[%csl
Gb6] Schwarz muss seinen Turm für den starken b-Bauern geben.} Rxf3 46. b7 Rb3
47. b8=Q Rxb8 48. Rxb8 Nxe4 {Die schwarze Stellung ist hoffnungslos verloren.}
49. Rd8 {[%csl Rd6][%cal Ra6d3,Rd3e4]} Kf6 50. Bd3 Ke7 51. Ra8 (51. Rh8 Nf6 52.
Rxh6 Nxd5 53. Rh8 $18) 51... Nf6 {[%cal Rf6d5,Rf6h5]} 52. Ra7+ Kf8 53. Kf3 Nxd5
(53... Nxh5 54. Rxa5 $18) 54. Bc4 {[%csl Rf7]} Ne7 55. Rd7 (55. Rd7 d5 56. Bxd5
Nxd5 57. Rxd5 $18) 1-0